SHRI AMBICA MILLS LIMITED (Record no. 511910)

MARC details
000 -LEADER
fixed length control field 00569nam a2200193Ia 4500
003 - CONTROL NUMBER IDENTIFIER
control field OSt
005 - DATE AND TIME OF LATEST TRANSACTION
control field 20220925185719.0
008 - FIXED-LENGTH DATA ELEMENTS--GENERAL INFORMATION
fixed length control field 220923b |||||||| |||| 00| 0 eng d
037 ## - SOURCE OF ACQUISITION
Terms of availability General Book
040 ## - CATALOGING SOURCE
Original cataloging agency RTL
Transcribing agency RTL
Language of cataloging eng
041 ## - LANGUAGE CODE
Source of code eng
Language code of text/sound track or separate title eng
245 #0 - TITLE STATEMENT
Title SHRI AMBICA MILLS LIMITED
Remainder of title 19-28 Annual Report 1945-54
260 ## - PUBLICATION, DISTRIBUTION, ETC.
Place of publication, distribution, etc. Arengabad
Name of publisher, distributor, etc. Ambica Mills Limited
Date of publication, distribution, etc. 1946
942 ## - ADDED ENTRY ELEMENTS (KOHA)
Classification part X9(M7).236.N54<--45r, J4
Koha item type General Books
Source of classification or shelving scheme Colon Classification (CC)

No items available.

Copyright @ Delhi University Library System